Historia de Argentina (Siglo XX) - Estadísticas

Estadísticas generales
  • Esta prueba ha sido intentada 687 veces
  • La puntuación promedio es 10 de 16
Estadísticas de respuestas
Pista Respuesta % Correcto
Presidente que, en 1945, asume bajo el Partido Laborista y comenzará un movimiento histórico en la política nacional Juan Domingo Perón
96%
Primer presidente de la Nación en ser elegido por el voto popular en 1916 bajo la "Ley Sáenz Peña" Hipólito Yrigoyen
79%
Año del fallecimiento del "General" 1974
75%
Último presidente argentino del siglo XX Fernando de la Rua
75%
La mas famosa agrupación terrorista del país que surge a fines de los años 60´ y que se hará notar más en los 70´ causando múltiples atentados Montoneros
72%
Nombre atribuído a los diez años de corrupción, fraudes e inestabilidad política que acontecieron en los años 30´ en el país "Década infame"
69%
Presidente de facto durante la Guerra de Malvinas que exclamó: "Si quieren venir, que vengan. Les presentaremos batalla" Leopoldo Galtieri
68%
Ministro de Economía del gobierno de Carlos Menem que impulsó la "convertibilidad", haciendo que el peso tenga el mismo valor que el dólar estadounidense Domingo Cavallo
64%
Primer dictador golpista de la democracia del país. Admirador del modelo fascista José Félix Uriburu
62%
Fenómeno monetario que se profundizó durante la Presidencia de Raúl Alfonsin (1983-1989) Hiperinflación
59%
Presidente que sucedió al recién mencionado en su primer período Marcelo T. de Alvear
56%
El 24 de Marzo de 1976, ante el débil gobierno de Isabel Martínez, crisis económica, las guerrillas y presiones militares, asume un nuevo gobierno de facto bajo el nombre de... "Proceso de Reorganización Nacional"
50%
Grupo de militares que se sublevaron contra los comandos militares en Semana Santa de 1987 "Carapintadas"
41%
Partido de la Unión Civica Radical por el que Arturo Frondizi asume como presidente UCRI
39%
Movimiento obrero-estudiantil en el país que debilitó gobierno de facto de Juan Carlos Onganía, haciendo renunciar al poco tiempo "Cordobazo"
33%
Toma el poder bajo un golpe de estado en 1955 como uno de los líderes de la autoproclamada "Revolución Libertadora" Eduardo Lonardi
26%
No se encontraron pruebas coincidentes
Distribución de puntuación
Porcentaje de gente con cada puntuación
Porcentaje por número respondido
Historial de tus puntuaciones
No has intentado esta prueba.